00404nam a2200145Ia 4500003000900000008004100009020001800050040001600068080002000084100001500104245005400119260004800173300001400221650002300235IN-BaIIA211028s9999 xx 000 0 eng d a0-521-78093-4 cIIA Library a(031)523.9bLAN aLang, K. R 4aThe Cambridge encyclopedia of the suncK. R. Lang aCambridgebCambridge University Pressc2001 axi, 256p. aSun - encyclopedia